00574 a2200181 450000100060000002000180000604000220002410000350004624000310008124500260011230000080013836200090014665000140015594200070016995200900017695201090026699900170037559233 a9788591153909 cAnchieta - Pituba aSOUZA, Guilherme Embiruçu de10aQuímica para a vidalpor10aQuímica para a vida a1540 a2011 4aQuímica cBK 00104070a91.1b91.1d2023-11-21l0p10272/PITr2023-11-21 18:27:10w2023-11-21yBK 00104070a91.1b91.1d2023-11-21l0o540 S729q SOU QUIp20472/PITr2023-11-21 18:27:10w2023-11-21yBK c59233d59233